Diccionario plurilingue (Registro nro. 2527)
[ vista simple ]
| 000 -Cabecera | |
|---|---|
| Campo de control de longitud fija | 00465aam a2200193 4500 |
| 005 - Fecha y hora de la última transacción | |
| Campo de control | 20250207160055.0 |
| 008 - Elementos de longitud fija--Información general | |
| Campo de control de longitud fija | 150603b2000 xxu||||| |||| 00| 0 spa d |
| 041 ## - Idioma | |
| Código de idioma | Español |
| -- | Inglés |
| -- | Francés |
| -- | Alemán |
| -- | Italiano |
| 082 ## - Clasificación Decimal Dewey | |
| Número de clasificación | R 413 D545d |
| 245 ## - Título propiamente dicho | |
| Título | Diccionario plurilingue |
| 260 ## - Pie de imprenta | |
| Lugar de publicación, distribución, etc. | México |
| Nombre del editor, distribuidor, etc. | Océano |
| Fecha de publicación, distribución, etc. | 2000 |
| 300 ## - Descripción física | |
| Extensión | 314 páginas |
| 650 ## - Materia general | |
| Temática (materia general) | ESPAÑOL |
| 650 ## - Materia general | |
| Temática (materia general) | INGLÉS |
| 650 ## - Materia general | |
| Temática (materia general) | FRANCÉS |
| 650 ## - Materia general | |
| Temática (materia general) | ITALIANO |
| 650 ## - Materia general | |
| Temática (materia general) | DICCIONARIOS |
| 942 ## - Punto de acceso adicional KOHA | |
| Tipo de ítem KOHA | Referencia |
| Fuente del sistema de clasificación o colocación | Dewey Decimal Classification |
| Signatura completa | Código de barras | Tipo de ítem |
|---|---|---|
| R 413 D545d | 15564 | Referencia |